San Francisco Giants 2025 Roster - Statistics

General Stats
  • This quiz has been taken 27 times
  • The average score is 18 of 33
Answer Stats
Jersey # Pos Player % Correct
26 3B Matt Chapman
100%
17 LF Heliot Ramos
95%
62 P Logan Webb
95%
14 C Patrick Bailey
95%
2 SS Willy Adames
95%
16 DH Rafael Devers
90%
38 P Robbie Ray
90%
51 CF Jung Hoo Lee
81%
10 3B Casey Schmitt
71%
7 1B Dominic Smith
71%
61 CF Drew Gilbert
67%
50 2B Christian Koss
62%
35 P Justin Verlander
57%
29 RF Luis Matos
52%
74 BP Ryan Walker
52%
41 1B Wilmer Flores
52%
65 P Landed Roupp
48%
21 C Andrew Knizner
43%
88 P Carson Whisenhunt
43%
70 BP Jose Butto
43%
66 P Kai-Wei Teng
43%
73 BP Randy Rodriguez
43%
76 BP Spencer Bivens
43%
59 RF Jerar Encarnacion
38%
58 CF Grant McCray
33%
93 BP Matt Gage
33%
77 P Carson Seymour
29%
63 BP Joel Peguero
29%
43 BP Tristan Beck
29%
68 BP Erik Miller
24%
57 BP Joey Lucchesi
24%
34 BP JT Brubaker
24%
37 BP Keaton Winn
19%
No matching quizzes found
Score Distribution
Percent of People with Each Score
Percentile by Number Answered
Your Score History
You have not taken this quiz